000
00301nam a22001337a 4500
008
181008b xxu||||| |||| 00| 0 eng d
020
_a
9780471347743
041
_a
eng
080
_2
2 ed
_a
330.722
100
_a
62
101
_a
knf
245
_a
Financial Accouting
_c
Gross,p
942
_2
udc
_c
BK
999
_c
49041
_d
49041